000 00473nam a2200133Ia 4500
003 GCL
008 140319s9999 xx 000 0 ara d
040 _aGCL /
_cGCL
082 0 4 _a911.53121
_bع م
245 1 0 _aمكة المكرمة والكعبة المشرفة فى كتب الرحالة المسلمين
260 _a[S.N] :
_bالمؤسسة الوطنية للترجمة والتحقيق ،
_c1989
300 _a133 ص
490 _aبحوث ودراسات- تاريخ
_v0
999 _c35391
_d35391